000 00634nam a22002177a 4500
003 UA-OsUOA
001 63972
007 ta
008 20091027b un ||||| |||| 00| 0 ukr d
100 _aКрейдич І.М.
090 _a330(477)
_bК79
942 _cSA
040 _aUA-OsUOA
_bfre
_cUA-OsUOA
_dUA-OsUOA
245 _aРегуювання інвестиційної діяльності проведення гнучкої амортизаційної політики
300 _aС.8-12
955 _a0
041 _afre
080 _a330(477)
773 0 _w63971
650 7 _a330 Економіка взагалі
_2UDC
999 _c350047
_d350047